00652nam a2200205 450000100060000000300080000600500170001400800390003103500390007004000270010904100080013608200230014410000260016724500460019326000420023930000330028150400660031465000210038065100450040132875BD-RjUL20211209051917.0140428s1949 pk b b 001 0 eng a(BD-RjUL)32965a(OCoLC)ocm16865078 aDLCcWAUbengdBD-RjUL aeng00a297.1977bHUA 19491 aHusaini, Abdul Qadir,10aArab administration /cby S.A.Q. Husaini. aLahore :bSh. Muhammad Ashraf,c1949. axv, 269 p. :bill. ;c22 cm. aIncludes bibliographical references (p. [248]-250) and index. 0aIslam and state. 0aArab countriesxPolitics and government.